<?xml version="1.0" encoding="UTF-8"?><?xml-stylesheet type="text/xsl" href="static/style.xsl"?><OAI-PMH xmlns="http://www.openarchives.org/OAI/2.0/" xmlns:xsi="http://www.w3.org/2001/XMLSchema-instance" xsi:schemaLocation="http://www.openarchives.org/OAI/2.0/ http://www.openarchives.org/OAI/2.0/OAI-PMH.xsd"><responseDate>2026-06-06T04:36:40Z</responseDate><request verb="GetRecord" identifier="oai:riuma.uma.es:10630/18663" metadataPrefix="marc">https://riuma.uma.es/rest/oai/request</request><GetRecord><record><header><identifier>oai:riuma.uma.es:10630/18663</identifier><datestamp>2026-02-03T12:01:26Z</datestamp><setSpec>com_10630_2254</setSpec><setSpec>col_10630_37959</setSpec></header><metadata><record xmlns="http://www.loc.gov/MARC21/slim" xmlns:dcterms="http://purl.org/dc/terms/" xmlns:doc="http://www.lyncode.com/xoai" xmlns:xsi="http://www.w3.org/2001/XMLSchema-instance" xsi:schemaLocation="http://www.loc.gov/MARC21/slim http://www.loc.gov/standards/marcxml/schema/MARC21slim.xsd">
   <leader>00925njm 22002777a 4500</leader>
   <datafield ind2=" " ind1=" " tag="042">
      <subfield code="a">dc</subfield>
   </datafield>
   <datafield ind2=" " ind1=" " tag="720">
      <subfield code="a">Pérez-García, Francisca</subfield>
      <subfield code="e">author</subfield>
   </datafield>
   <datafield ind2=" " ind1=" " tag="720">
      <subfield code="a">Rubio Cintas, María Dolores</subfield>
      <subfield code="e">author</subfield>
   </datafield>
   <datafield ind2=" " ind1=" " tag="720">
      <subfield code="a">Oliveira, Miguel José</subfield>
      <subfield code="e">author</subfield>
   </datafield>
   <datafield ind2=" " ind1=" " tag="720">
      <subfield code="a">Silva, Elisa María</subfield>
      <subfield code="e">author</subfield>
   </datafield>
   <datafield ind2=" " ind1=" " tag="720">
      <subfield code="a">Parrón-Rubio, María Eugenia</subfield>
      <subfield code="e">author</subfield>
   </datafield>
   <datafield ind2=" " ind1=" " tag="720">
      <subfield code="a">Fernández Ruiz, Manuel Alejandro</subfield>
      <subfield code="e">author</subfield>
   </datafield>
   <datafield ind2=" " ind1=" " tag="260">
      <subfield code="c">2019-10-30</subfield>
   </datafield>
   <datafield ind2=" " ind1=" " tag="520">
      <subfield code="a">The global production of concrete represents, every year, more than 5% of the anthropogenic emissions of carbon dioxide, mainly from the production of cement. This negative factor can be improved by incorporating supplementary cementitious materials in order to replace cement.&#xd;
In the last few decades, research has been conducted on what it is known as Ultra High Performance Fibber Reinforced Concrete (UHPFRC). The term includes a broad range of materials such as defect-free, dense particle, engineered composite, multi-scale particle and fibber-reinforced cementitious materials, with enhanced properties. UHPFRC has better mechanical and durability properties compared to normal strength concrete. Other benefits of using UHPFRC on a structure includes the reduction of concrete sections, concrete formwork, labour, equipment and time of construction. Despite of the benefits associated to this material, the UHPFRC is still struggling to be universally applied, mainly due to its high cost and its high environmental impact. UHPFRC cost is higher than normal concrete, due to a very high powder content and steel ﬁbber addition. However, the production of UHPFRC using locally available materials, under normal curing conditions, should reduce its cost and turned it into a more attractive construction product.&#xd;
In this paper, the fresh and hardened properties of a specific UHPFRC composition are presented. The mixture replaces a significant percentage of cement by slags, and the results reveal the viability of the proposed mix. The environmental performance of the mixture confirmed the improvement on the material sustainability and allowed the identification of some potential future studies.</subfield>
   </datafield>
   <datafield ind1="8" ind2=" " tag="024">
      <subfield code="a">https://hdl.handle.net/10630/18663</subfield>
   </datafield>
   <datafield tag="653" ind2=" " ind1=" ">
      <subfield code="a">Hormigón armado con fibras</subfield>
   </datafield>
   <datafield tag="653" ind2=" " ind1=" ">
      <subfield code="a">Hormigón de alta resistencia</subfield>
   </datafield>
   <datafield ind2="0" ind1="0" tag="245">
      <subfield code="a">Sustainable development of an Ultra-High Performance Fibber Reinforced Concrete (UHPFRC): towards partial replacement of cement by slags</subfield>
   </datafield>
</record>
</metadata></record></GetRecord></OAI-PMH>